| 000 | 00774nam a2200229Ia 4500 | ||
|---|---|---|---|
| 005 | 20241129105929.0 | ||
| 008 | 241129s9999||||xx |||||||||||||| ||und|| | ||
| 020 | _a978-93-5221-139-5 | ||
| 037 | _aTB | ||
| 040 |
_aARTS _bhin _cARTS |
||
| 041 |
_ahin _2hin |
||
| 084 |
_aO152,6M83x Q9 _qARTS |
||
| 100 |
_aशुक्ल, योगेन्द्र प्रताप, ले. _9156597 |
||
| 245 | 0 |
_aत्रिवेणी _cशुक्ल, योगेन्द्र प्रताप, ले. |
|
| 250 | _a2 | ||
| 260 |
_aनई दिल्ली, भारत _bलोकी प्रकाशन _c2022 |
||
| 300 | _a120पृ0 | ||
| 365 |
_aINR _b175 |
||
| 650 | _aHindi Prose | ||
| 942 |
_cTB _hO152,6M83x Q9 |
||
| 999 |
_c1226639 _d1226639 |
||